Les 10 départements possédant les plus gros parcs éoliens - Statistiques

Statistiques générales
  • Ce quiz a été pris 470 fois
    54 depuis la dernière actualisation
  • Le résultat moyen est 6 sur 10
Statistiques - réponses
Département Puissance (MW) % Correct
Pas-de-Calais 1633
78%
Oise 829
71%
Seine-Maritime 1086
69%
Somme 2521
61%
Aisne 1445
59%
Côtes d'Armor 1013
59%
Marne 1420
59%
Eure-et-Loir 810
51%
Aube 1057
49%
Loire-Atlantique 1050
49%
Aucun quiz correspondant
Distribution des résultats
% des personnes avec chaque résultat
Percentile par nombre de réponses
Votre historique - résultats
Vous n’avez pas pris ce quiz depuis la dernière actualisation